Internationales jahrbuch der fotografie 1959 (Record no. 7436)

MARC details
000 -CABECERA
campo de control de longitud fija 00692nam a2200229 a 4500
001 - NÚMERO DE CONTROL
campo de control BRCA_7762
005 - FECHA Y HORA DE LA ÚLTIMA TRANSACCIÓN
campo de control 20190320210000.0
008 - DATOS DE LONGITUD FIJA--INFORMACIÓN GENERAL
campo de control de longitud fija 200913s1959----enka###f##---#001-0#ger-#
041 ## - CÓDIGO DE LENGUA
Código de lengua del texto/banda sonora o título independiente ger
044 ## - CÓDIGO DEL PAÍS DE LA ENTIDAD EDITORA/PRODUCTORA
Código MARC del país enk
050 #4 - SIGNATURA TOPOGRÁFICA DE LA BIBLIOTECA DEL CONGRESO
Número de clasificación TR1
Número de documento/Ítem .H35
-- 1959
100 1# - ENTRADA PRINCIPAL--NOMBRE DE PERSONA
Nombre de persona Hall, Norman
9 (RLIN) 19210
245 10 - MENCIÓN DE TÍTULO
Título Internationales jahrbuch der fotografie 1959
Mención de responsabilidad, etc. Norman Hall und Basil Burton.
260 ## - PUBLICACIÓN, DISTRIBUCIÓN, ETC.
Lugar de publicación, distribución, etc. Londres
Nombre del editor, distribuidor, etc. Photography Magazine
Fecha de publicación, distribución, etc. c1958
300 ## - DESCRIPCIÓN FÍSICA
Extensión xi, 224 p.
Otras características físicas il., fot.
Dimensiones 27 cm.
500 ## - NOTA GENERAL
Nota general La biblioteca tiene en su acervo el ejemplar correspondiente a 1959
500 ## - NOTA GENERAL
Nota general X2
650 14 - PUNTO DE ACCESO ADICIONAL DE MATERIA--TÉRMINO DE MATERIA
Término de materia o nombre geográfico como elemento de entrada Fotografía
Subdivisión de forma Anuarios
9 (RLIN) 12863
700 1# - PUNTO DE ACCESO ADICIONAL--NOMBRE DE PERSONA
Nombre de persona Burton, Basil
Término indicativo de función/relación coaut.
9 (RLIN) 19211
902 ## - CATALOGADOR
Iniciales GFM
942 ## - ELEMENTOS DE PUNTO DE ACCESO ADICIONAL (KOHA)
Fuente del sistema de clasificación o colocación Library of Congress Classification
Tipo de ítem Koha Libros
Holdings
Estado de retiro Estado de pérdida Estado dañado No para préstamo Localización permanente Ubicación/localización actual Fecha de adquisición Número de inventario Total de préstamos Signatura topográfica completa Código de barras Fecha visto por última vez Precio válido a partir de Tipo de ítem Koha
El ejemplar forma parte de la colección y puede ser consultado según las políticas vigentes.       Biblioteca del Museo Franz Mayer (Rogerio Casas-Alatriste) Biblioteca del Museo Franz Mayer (Rogerio Casas-Alatriste) 20/09/2013 X2   TR1 .H35 1959 (X2) 8371 22/03/2019 22/03/2019 Libros